| 000 | 01689nam a2200325 a 4500 | ||
|---|---|---|---|
| 003 | BLK | ||
| 005 | 20240312135807.0 | ||
| 007 | ta | ||
| 008 | 221104b bu |||||r|||| 00| | bu d | ||
| 020 | _a9786199136652 | ||
| 040 | _aBLK | ||
| 041 |
_aBUL _cBUL |
||
| 080 |
_9239039 _aСтара и антична история (общо) _b94(3) _z94(3) |
||
| 080 |
_9436446 _aРелигии на Античността. Култове и религии с по-ограничено разпространение _b25 _x-264 _z25-264 |
||
| 080 |
_9237583 _aРазпространяване на научните знания - популяризиране на науката, занимателна наука, учение за явленията научно необяснени, заблуждения и фалшификации, илюзии и др. п., секретност на научните знания _b001.9 _z001.9 |
||
| 100 |
_9371412 _aЦонев, Владимир Йорданов |
||
| 245 |
_aБоговете и древните българи _cВладимир Цонев |
||
| 260 |
_9219988 _aСофия _bАркаим _c2024 |
||
| 300 |
_a188 с. _bс ил., портр., к. _c20 см |
||
| 380 | _a9 | ||
| 500 | _aБиогр. данни за авт. отбелязани на гърба на кор. | ||
| 504 | _aБиблиогр.: с. 179-187 | ||
| 650 | 0 |
_9245372 _aИстория, стара |
|
| 650 | 7 |
_9162418 _aМитология |
|
| 650 | 0 |
_9264498 _aБългари - произход |
|
| 852 |
_aЦб 322003 _bЦб |
||
| 856 |
_i0.00 _ldisable |
||
| 942 |
_cKNG _n0 |
||
| 944 |
_a30550 _cКети Илиева _k30550 _lКети Илиева |
||
| 999 |
_c505610 _d505610 |
||